[Event "MNT-chT 1st League"]
[Site "Podgorica"]
[Date "2019.07.20"]
[Round "1.5"]
[White "Vih, Antun"]
[Black "Scepanovic, Dalibor"]
[Result "0-1"]
[WhiteElo "2114"]
[BlackElo "2064"]
[PlyCount "80"]
[EventDate "2019.07.20"]
[EventType "team-tourn"]
[EventRounds "9"]
[EventCountry "MNE"]
[SourceTitle "EXT 2020"]
[Source "ChessBase"]
[SourceDate "2019.10.17"]
[SourceVersion "1"]
[SourceVersionDate "2019.10.17"]
[SourceQuality "1"]
[WhiteTeam "Kotor"]
[BlackTeam "Niksic"]
[WhiteTeamCountry "MNE"]
[BlackTeamCountry "MNE"]

1. Nf3 f5 2. c4 Nf6 3. g3 g6 4. Bg2 Bg7 5. Nc3 0-0 6. 0-0 Nh5 7. d4 d6 8. e4 f4 9. Ne2 e5 10. dxe5 dxe5 11. Qxd8 Rxd8 12. gxf4 exf4 13. Nxf4 Bxb2 14. Bxb2 Nxf4 15. Rfd1 Re8 16. Be5 Nxg2 17. Kxg2 Nc6 18. Bxc7 Rxe4 19. Rab1 Rg4+ 20. Bg3 Rxc4 21. Rb2 b6 22. Ne5 Nxe5 23. Bxe5 Bf5 24. f4 Rac8 25. Rbd2 Rc2 26. Kg3 Kf7 27. a3 Rxd2 28. Rxd2 Rc6 29. Kf3 Rc2 30. Rxc2 Bxc2 31. Ke3 Ke6 32. Bb8 a6 33. Bc7 b5 34. Kd4 Kf5 35. Kc5 Bd3 36. Kb6 Kg4 37. Ka5 Kh3 38. a4 bxa4 39. Kxa4 h5 40. Ka5 Bf5 0-1

[Event "MNT-chT 1st League"]
[Site "Podgorica"]
[Date "2018.09.09"]
[Round "3.2"]
[White "Scepanovic, Dalibor"]
[Black "Muric, Tafil"]
[Result "1-0"]
[WhiteElo "2061"]
[BlackElo "1922"]
[PlyCount "124"]
[EventDate "2018.09.07"]
[EventType "team-tourn"]
[EventRounds "9"]
[EventCountry "MNE"]
[SourceTitle "CBM 187 Extra"]
[Source "ChessBase"]
[SourceDate "2018.11.04"]
[SourceVersion "1"]
[SourceVersionDate "2018.11.04"]
[SourceQuality "1"]
[WhiteTeam "Niksic"]
[BlackTeam "Ibar"]
[WhiteTeamCountry "MNE"]
[BlackTeamCountry "MNE"]

1. e4 d6 2. c4 c5 3. Nf3 Nc6 4. d4 cxd4 5. Nxd4 Nxd4 6. Qxd4 Nf6 7. Nc3 e5 8. Qd2 Be7 9. Be2 0-0 10. 0-0 Be6 11. b3 a6 12. Qe3 Re8 13. Qg3 Rc8 14. Bh6 Bf8 15. Rad1 b5 16. f4 Qb6+ 17. Kh1 b4 18. fxe5 bxc3 19. exf6 g6 20. Bxf8 Rxf8 21. Qxc3 Rc5 22. Qe3 Kh8 23. Rd4 Re5 24. Rfd1 Rg8 25. Qh6 Qd8 26. Qf4 Qa8 27. Bg4 Bxg4 28. Qxg4 h5 29. Qd7 Qe8 30. Qxd6 Rxe4 31. Rxe4 Qxe4 32. h3 Qe2 33. Qd2 Qxd2 34. Rxd2 Re8 35. Rd6 a5 36. Ra6 Re5 37. Ra8+ Kh7 38. Rf8 g5 39. Rxf7+ Kg6 40. Rf8 Re2 41. f7 Rxa2 42. Rg8+ Kxf7 43. Rxg5 h4 44. Kg1 Kf6 45. Rb5 a4 46. bxa4 Rxa4 47. Rc5 Ke6 48. Kf2 Ra3 49. Rh5 Ra2+ 50. Kg1 Rc2 51. Rxh4 Kf5 52. Kh2 Rc3 53. Rh5+ Kg6 54. Rc5 Kf6 55. h4 Ke6 56. h5 Kd6 57. h6 Re3 58. Rh5 Re8 59. c5+ Ke6 60. c6 Kf6 61. Kh3 Kg6 62. g4 Kh7 1-0

[Event "MNT-chT 1st League"]
[Site "Podgorica"]
[Date "2018.09.07"]
[Round "1.3"]
[White "Scepanovic, Dalibor"]
[Black "Tomasevic, Milutin"]
[Result "1-0"]
[WhiteElo "2061"]
[BlackElo "1659"]
[PlyCount "61"]
[EventDate "2018.09.07"]
[EventType "team-tourn"]
[EventRounds "9"]
[EventCountry "MNE"]
[SourceTitle "CBM 187 Extra"]
[Source "ChessBase"]
[SourceDate "2018.11.04"]
[SourceVersion "1"]
[SourceVersionDate "2018.11.04"]
[SourceQuality "1"]
[WhiteTeam "Niksic"]
[BlackTeam "Zora"]
[WhiteTeamCountry "MNE"]
[BlackTeamCountry "MNE"]

1. e4 c5 2. Nf3 Nc6 3. d4 cxd4 4. Nxd4 d6 5. c4 Nf6 6. Nc3 e6 7. Be2 Be7 8. 0-0 0-0 9. Be3 a6 10. Rc1 Bd7 11. Nxc6 Bxc6 12. f3 Qc7 13. Kh1 Rfd8 14. b4 Be8 15. Qb3 Rac8 16. Na4 Bxa4 17. Qxa4 Nd7 18. Qb3 Qb8 19. a4 Rc7 20. a5 Rdc8 21. f4 Rc6 22. Rcd1 b6 23. axb6 Nxb6 24. c5 Nd7 25. Qa4 Qc7 26. cxd6 Rxd6 27. Rxd6 Bxd6 28. Bxa6 Rb8 29. e5 Rxb4 30. exd6 Rxa4 31. dxc7 1-0

[Event "MNT-chT1"]
[Site "Bar"]
[Date "2015.09.29"]
[Round "4"]
[White "Scepanovic, Dalibor"]
[Black "Kisic, Bozidar"]
[Result "1-0"]
[WhiteElo "2074"]
[BlackElo "2173"]
[PlyCount "35"]
[EventDate "2015.09.26"]
[EventType "team-tourn"]
[EventRounds "9"]
[EventCountry "MNE"]
[SourceTitle "EXT 2017"]
[Source "ChessBase"]
[SourceDate "2016.10.25"]
[SourceVersion "1"]
[SourceVersionDate "2016.10.25"]
[SourceQuality "1"]

1. e4 g6 2. c4 Bg7 3. Nf3 c5 4. d4 Nc6 5. dxc5 Qa5+ 6. Qd2 Nb4 7. Nc3 Nf6 8. a3 h5 9. Rb1 Bh6 10. Qd1 Na2 11. Bxh6 Rxh6 12. Qd2 Nxc3 13. Qxh6 d5 14. bxc3 dxe4 15. Qh8+ Kd7 16. Rd1+ Ke6 17. Nd4+ Ke5 18. Qh6 1-0

[Event "MNT-chT1"]
[Site "Bar"]
[Date "2015.09.27"]
[Round "2"]
[White "Bujisic, Vlastimir"]
[Black "Scepanovic, Dalibor"]
[Result "1-0"]
[WhiteElo "2186"]
[BlackElo "2074"]
[PlyCount "95"]
[EventDate "2015.09.26"]
[EventType "team-tourn"]
[EventRounds "9"]
[EventCountry "MNE"]
[SourceTitle "EXT 2017"]
[Source "ChessBase"]
[SourceDate "2016.10.25"]
[SourceVersion "1"]
[SourceVersionDate "2016.10.25"]
[SourceQuality "1"]

1. e4 e5 2. Nf3 Nf6 3. Nc3 Bb4 4. a3 Bxc3 5. dxc3 d6 6. Bd3 h6 7. h3 0-0 8. Be3 Nc6 9. Qe2 d5 10. exd5 Nxd5 11. 0-0-0 Qf6 12. Be4 Nf4 13. Bxf4 exf4 14. Qc4 Be6 15. Qc5 Rab8 16. Bxc6 bxc6 17. Qe5 Qe7 18. Rd4 Rb5 19. Qxf4 a5 20. Qh4 Qc5 21. Rhd1 Bd5 22. Ne5 Rxb2 23. Kxb2 Rb8+ 24. Kc1 Qxc3 25. Rxd5 cxd5 26. Qd4 Qxa3+ 27. Kd2 Qd6 28. Nd3 Rb5 29. Re1 Qg6 30. g4 h5 31. Qe5 Qc6 32. Qe8+ Qxe8 33. Rxe8+ Kh7 34. Re7 hxg4 35. hxg4 a4 36. Rxc7 Ra5 37. Rc5 Rxc5 38. Nxc5 a3 39. Kd3 Kg6 40. Kd4 Kg5 41. Kxd5 Kxg4 42. Nb3 Kf3 43. c4 g5 44. c5 g4 45. c6 Kxf2 46. c7 g3 47. c8Q g2 48. Qf5+ 1-0

[Event "Podgorica Buducnost op 1st"]
[Site "Podgorica"]
[Date "2015.03.17"]
[Round "2"]
[White "Nikac, Predrag"]
[Black "Scepanovic, Dalibor"]
[Result "1-0"]
[WhiteElo "2272"]
[BlackElo "2112"]
[PlyCount "91"]
[EventDate "2015.03.16"]
[EventType "swiss"]
[EventRounds "7"]
[EventCountry "MNE"]
[SourceTitle "EXT 2018"]
[Source "ChessBase"]
[SourceDate "2017.10.13"]
[SourceVersion "1"]
[SourceVersionDate "2017.10.13"]
[SourceQuality "1"]

1. e4 e5 2. Nf3 Nf6 3. Nc3 Bb4 4. Bc4 0-0 5. 0-0 d6 6. Nd5 Nxd5 7. Bxd5 c6 8. Bb3 Bg4 9. h3 Bh5 10. g4 Bg6 11. d3 Nd7 12. Bg5 Qc8 13. c3 Bc5 14. Nh4 Kh8 15. Qf3 h6 16. Be7 Rg8 17. Bxf7 Bxf7 18. Qxf7 Qe8 19. Qxe8 Rgxe8 20. b4 Kh7 21. Nf5 Bb6 22. Bh4 Re6 23. Bg3 Rf8 24. Kg2 a5 25. a3 axb4 26. axb4 d5 27. c4 dxc4 28. dxc4 Bd4 29. Nxd4 exd4 30. f3 c5 31. Rfd1 cxb4 32. Rxd4 Nc5 33. Rb1 Ra6 34. Bd6 Ra2+ 35. Kg3 Ne6 36. Rd3 Rd8 37. Rxb4 Rc2 38. Rxb7 Rxc4 39. Re7 Nf8 40. Be5 Rxd3 41. Rxg7+ Kh8 42. Rd7+ Kg8 43. Rxd3 Ng6 44. Bc3 Ra4 45. Rd7 Ra6 46. h4 1-0

[Event "Cetinje Batricevic Memorial op"]
[Site "Cetinje"]
[Date "2012.10.20"]
[Round "1"]
[White "Blagojevic, Dragisa"]
[Black "Scepanovic, Dalibor"]
[Result "1-0"]
[WhiteElo "2526"]
[BlackElo "2124"]
[PlyCount "39"]
[EventDate "2012.10.20"]
[EventType "swiss"]
[EventRounds "9"]
[EventCountry "MNE"]
[SourceTitle "EXT 2013"]
[Source "ChessBase"]
[SourceDate "2012.11.22"]
[SourceVersion "1"]
[SourceVersionDate "2012.11.22"]
[SourceQuality "1"]

1. d4 Nf6 2. c4 c5 3. d5 b5 4. Nf3 g6 5. cxb5 a6 6. e3 axb5 7. Bxb5 Qa5+ 8. Nc3 Ne4 9. a4 Bg7 10. Bd2 Nxd2 11. Nxd2 Ba6 12. 0-0 Qb4 13. Qc2 0-0 14. Nc4 Bxb5 15. axb5 Rxa1 16. Rxa1 Qxc4 17. Ra4 Qb4 18. Rxb4 cxb4 19. Na4 b3 20. Qc7 1-0

[Event "MNT-chTA"]
[Site "Cetinje"]
[Date "2012.09.23"]
[Round "6"]
[White "Scepanovic, Dalibor"]
[Black "Potpara, Nikola"]
[Result "0-1"]
[WhiteElo "2124"]
[BlackElo "2251"]
[PlyCount "104"]
[EventDate "2012.09.07"]
[EventType "team-tourn"]
[EventRounds "9"]
[EventCountry "MNE"]
[SourceTitle "CBM 150 Extra"]
[Source "ChessBase"]
[SourceDate "2012.10.19"]
[SourceVersion "1"]
[SourceVersionDate "2012.10.19"]
[SourceQuality "1"]

1. e4 c5 2. Nf3 e6 3. c4 Nc6 4. d4 cxd4 5. Nxd4 Nf6 6. Nxc6 bxc6 7. Bd3 e5 8. 0-0 Bc5 9. Kh1 d6 10. Bg5 h6 11. Bxf6 Qxf6 12. Nc3 0-0 13. Qa4 Bd7 14. b4 Bd4 15. Rac1 Qh4 16. Qc2 Rfb8 17. Rb1 a5 18. b5 cxb5 19. Nxb5 Bc5 20. a4 Rb7 21. Qd2 Bc6 22. Qe2 Qg5 23. f3 g6 24. Rb3 Kh8 25. Qb2 Kh7 26. Bb1 h5 27. Qc1 Qxc1 28. Rxc1 Kg7 29. Rd3 Rd8 30. Rcd1 f5 31. exf5 gxf5 32. Bc2 Rbd7 33. Nc3 h4 34. Nd5 Rb7 35. R3d2 Bd7 36. g4 hxg3 37. hxg3 Rb2 38. Rh2 Rxc2 39. Rxc2 Bxa4 40. Rcd2 Bxd1 41. Rxd1 a4 42. Nc7 Kf6 43. Na6 Bd4 44. f4 Rc8 45. Rc1 a3 46. Rc2 Bb2 47. Nb4 Rb8 48. fxe5+ dxe5 49. Na2 Bd4 50. Kh2 Rb2 51. Rg2 Ke6 52. Kh3 Kd6 0-1

[Event "MNT-chTA"]
[Site "Cetinje"]
[Date "2012.09.22"]
[Round "5"]
[White "Scepanovic, Dalibor"]
[Black "Scekic, Veljko"]
[Result "1/2-1/2"]
[WhiteElo "2124"]
[BlackElo "2189"]
[PlyCount "82"]
[EventDate "2012.09.07"]
[EventType "team-tourn"]
[EventRounds "9"]
[EventCountry "MNE"]
[SourceTitle "CBM 150 Extra"]
[Source "ChessBase"]
[SourceDate "2012.10.19"]
[SourceVersion "1"]
[SourceVersionDate "2012.10.19"]
[SourceQuality "1"]

1. e4 d6 2. d4 c6 3. Nf3 g6 4. Be2 Bg7 5. 0-0 Nf6 6. Nc3 0-0 7. h3 Qc7 8. Bg5 e5 9. Qd2 Re8 10. dxe5 dxe5 11. Rfd1 Be6 12. Bh6 Nbd7 13. Bxg7 Kxg7 14. Ng5 Nf8 15. Qd6 Qxd6 16. Rxd6 Rad8 17. Rad1 Rxd6 18. Rxd6 h6 19. Nf3 N6d7 20. Nd2 Kf6 21. Nc4 Ke7 22. Rd1 Bxc4 23. Bxc4 b5 24. Be2 Ne6 25. Bg4 Ndc5 26. b4 Na6 27. Bxe6 Kxe6 28. a4 Nxb4 29. axb5 Rc8 30. Ra1 cxb5 31. Nxb5 a6 32. Ra4 Rc4 33. Nc7+ Rxc7 34. Rxb4 Kd6 35. Ra4 Rc6 36. Kf1 Kc7 37. Ke1 Rd6 38. Ke2 Kb7 39. h4 Rc6 40. Kd2 h5 41. Ra5 Re6 1/2-1/2

[Event "MNT CupT"]
[Site "Cetinje"]
[Date "2012.05.28"]
[Round "4"]
[White "Bukvic, Mihailo"]
[Black "Scepanovic, Dalibor"]
[Result "1/2-1/2"]
[WhiteElo "2162"]
[BlackElo "2118"]
[PlyCount "49"]
[EventDate "2012.05.25"]
[EventType "team-swiss"]
[EventRounds "5"]
[EventCountry "MNE"]
[SourceTitle "CBM 148 Extra"]
[Source "ChessBase"]
[SourceDate "2012.06.22"]
[SourceVersion "1"]
[SourceVersionDate "2012.06.22"]
[SourceQuality "1"]

1. e4 e5 2. d4 Qh4 3. Bd3 Nc6 4. Nf3 Qh5 5. dxe5 Nxe5 6. Nxe5 Qxe5 7. Nc3 Bc5 8. Nd5 Bb6 9. 0-0 c6 10. Bf4 Qe6 11. Re1 Ne7 12. Bg5 Ng6 13. Bc4 Qe5 14. Nxb6 axb6 15. Be3 0-0 16. Bxb6 Nh4 17. g3 d5 18. exd5 Qxe1+ 19. Qxe1 Nf3+ 20. Kg2 Nxe1+ 21. Rxe1 cxd5 22. Bxd5 Be6 23. Bxe6 fxe6 24. Bd4 Rfd8 25. Bc3 1/2-1/2

[Event "MNT CupT"]
[Site "Cetinje"]
[Date "2012.05.25"]
[Round "1"]
[White "Perosevic, Aleksandar"]
[Black "Scepanovic, Dalibor"]
[Result "1-0"]
[WhiteElo "2182"]
[BlackElo "2118"]
[PlyCount "91"]
[EventDate "2012.05.25"]
[EventType "team-swiss"]
[EventRounds "5"]
[EventCountry "MNE"]
[SourceTitle "CBM 148 Extra"]
[Source "ChessBase"]
[SourceDate "2012.06.22"]
[SourceVersion "1"]
[SourceVersionDate "2012.06.22"]
[SourceQuality "1"]

1. e4 e5 2. Nf3 Nf6 3. d4 Nxe4 4. dxe5 d5 5. Bd3 Nc5 6. Be2 Be7 7. Nc3 c6 8. 0-0 Bg4 9. h3 Bxf3 10. Bxf3 Nbd7 11. Re1 Ne6 12. Bg4 Qc7 13. f4 0-0-0 14. a3 Bh4 15. Rf1 Qb6+ 16. Kh2 h5 17. Bxh5 g6 18. Bg4 Ng7 19. Qd3 Kb8 20. Be3 Qc7 21. Na4 Be7 22. b4 Nb6 23. Nxb6 axb6 24. Rab1 d4 25. Bf2 Nh5 26. Bxh5 Rxh5 27. Qc4 Rd5 28. Bxd4 b5 29. Qc3 g5 30. Qf3 Rh4 31. Qe3 g4 32. c3 gxh3 33. gxh3 Qd7 34. Rg1 c5 35. bxc5 Bxc5 36. Bxc5 Rxc5 37. Rg8+ Rc8 38. Rbg1 Rh8 39. Rxh8 Rxh8 40. Rg2 Qf5 41. Rf2 Rd8 42. Rd2 Rg8 43. e6 Re8 44. e7 Kc8 45. Qd4 Kb8 46. Qd8+ 1-0

[Event "MNT CupT"]
[Site "Tivat"]
[Date "2011.04.30"]
[Round "3"]
[White "Cerovic, Zoran"]
[Black "Scepanovic, Dalibor"]
[Result "0-1"]
[WhiteElo "2154"]
[BlackElo "2100"]
[PlyCount "46"]
[EventDate "2011.04.28"]
[EventType "team-tourn"]
[EventRounds "5"]
[EventCountry "MNE"]
[SourceTitle "CBM 142 Extra"]
[Source "ChessBase"]
[SourceDate "2011.06.27"]
[SourceVersion "1"]
[SourceVersionDate "2011.06.27"]
[SourceQuality "1"]

1. e4 e5 2. Nf3 Nf6 3. Nxe5 d6 4. Nf3 Nxe4 5. d4 d5 6. Bd3 Nc6 7. h3 Be7 8. c4 0-0 9. cxd5 Qxd5 10. Nc3 Bb4 11. Qc2 Nxc3 12. bxc3 Re8+ 13. Be3 Nxd4 14. Nxd4 Qxd4 15. Rc1 Rxe3+ 16. fxe3 Qxe3+ 17. Kd1 Bg4+ 18. hxg4 Rd8 19. Rh3 Qg1+ 20. Ke2 Qxg2+ 21. Ke1 Qxh3 22. Bxh7+ Kh8 23. cxb4 Qe3+ 0-1

[Event "Podgorica op"]
[Site "Podgorica"]
[Date "2010.12.14"]
[Round "5"]
[White "Kandic, Milojko"]
[Black "Scepanovic, Dalibor"]
[Result "1-0"]
[WhiteElo "2076"]
[BlackElo "2066"]
[PlyCount "105"]
[EventDate "2010.12.11"]
[EventType "swiss"]
[EventRounds "9"]
[EventCountry "MNE"]
[SourceTitle "CBM 139 Extra"]
[Source "ChessBase"]
[SourceDate "2011.01.05"]
[SourceVersion "1"]
[SourceVersionDate "2011.01.05"]
[SourceQuality "1"]

1. e4 e5 2. Nf3 Nf6 3. Nxe5 d6 4. Nf3 Nxe4 5. Nc3 Nxc3 6. dxc3 Be7 7. Bd3 Bg4 8. Bf4 Nd7 9. h3 Bh5 10. g4 Bg6 11. Qe2 0-0 12. 0-0-0 Bxd3 13. cxd3 Re8 14. Qd2 c6 15. g5 Qa5 16. Kb1 Qd5 17. Nd4 c5 18. Nc2 a5 19. c4 Qf5 20. h4 Nb6 21. Bg3 a4 22. Rhe1 Bf8 23. a3 d5 24. Bc7 Rxe1 25. Rxe1 Qg6 26. h5 Qc6 27. Bxb6 Qxb6 28. cxd5 Rd8 29. Ne3 Qd6 30. Qa5 b5 31. Qxb5 Rb8 32. Qxa4 Qe5 33. Qc2 Qxg5 34. Qc4 Qe5 35. Re2 Qxh5 36. Rc2 Qe5 37. Qe4 Qh5 38. Qf4 Rb6 39. Qc7 Rg6 40. Qc8 Rf6 41. Rxc5 Qe2 42. Nc4 Qxd3+ 43. Ka2 Rf3 44. Qb8 Qb3+ 45. Qxb3 Rxb3 46. Rc8 Rd3 47. d6 f6 48. a4 Kf7 49. a5 Bxd6 50. a6 Bc5 51. Rxc5 Rd7 52. Rb5 Ke6 53. Rb7 1-0

[Event "MNT-chT"]
[Site "Cetinje"]
[Date "2010.10.09"]
[Round "8"]
[White "Musovic, Armin"]
[Black "Scepanovic, Dalibor"]
[Result "1-0"]
[WhiteElo "2134"]
[BlackElo "2066"]
[PlyCount "105"]
[EventDate "2010.08.27"]
[EventType "team-tourn"]
[EventRounds "9"]
[EventCountry "MNE"]
[SourceTitle "CBM 138 Extra"]
[Source "ChessBase"]
[SourceDate "2010.10.29"]
[SourceVersion "1"]
[SourceVersionDate "2010.10.29"]
[SourceQuality "1"]

1. e4 e5 2. Nf3 Nc6 3. Nc3 Nf6 4. Bb5 Be7 5. 0-0 d6 6. d4 0-0 7. Bxc6 exd4 8. Nxd4 bxc6 9. Nxc6 Qe8 10. Nxe7+ Qxe7 11. Bg5 Bb7 12. Qd4 Rfe8 13. Bxf6 gxf6 14. Rfe1 Qe5 15. Rad1 Qxd4 16. Rxd4 f5 17. f3 fxe4 18. Nxe4 Re6 19. Kf2 Kg7 20. Nc3 c5 21. Rg4+ Kf6 22. Rh4 Rxe1 23. Kxe1 Re8+ 24. Kf2 Kg6 25. Nb5 Ba6 26. Rg4+ Kf6 27. Rf4+ Kg6 28. Nc3 Bb7 29. Ne4 Bxe4 30. Rxe4 Rb8 31. b3 a5 32. Ra4 Ra8 33. a3 Kf6 34. Ke3 Re8+ 35. Kd2 Re5 36. Rxa5 Rd5+ 37. Kc3 Re5 38. Kd2 Rd5+ 39. Kc1 Re5 40. b4 Re1+ 41. Kd2 Rg1 42. b5 Rxg2+ 43. Kc3 Ke6 44. b6 Kd7 45. Rb5 Kc8 46. b7+ Kb8 47. a4 Rf2 48. a5 Rxf3+ 49. Kc4 f5 50. Rb6 Rf4+ 51. Kb5 Rb4+ 52. Kc6 Ra4 53. a6 1-0

[Event "MNT-chT"]
[Site "Cetinje"]
[Date "2009.09.19"]
[Round "2"]
[White "Scepanovic, Dalibor"]
[Black "Petijevic, Vaso"]
[Result "0-1"]
[WhiteElo "2075"]
[BlackElo "2291"]
[PlyCount "53"]
[EventDate "2009.09.18"]
[EventType "team-tourn"]
[EventRounds "9"]
[EventCountry "MNE"]
[SourceTitle "EXT 2011"]
[Source "ChessBase"]
[SourceDate "2010.11.26"]
[SourceVersion "1"]
[SourceVersionDate "2010.11.26"]
[SourceQuality "1"]

1. e4 c5 2. Nf3 d6 3. c4 Nc6 4. d4 cxd4 5. Nxd4 g6 6. Be2 Bg7 7. Nxc6 bxc6 8. 0-0 Nf6 9. Nc3 0-0 10. Be3 Nd7 11. Rc1 Rb8 12. b3 Nc5 13. f4 Qa5 14. Bd4 e5 15. fxe5 Ne6 16. Be3 Bxe5 17. Bh6 Bxc3 18. Bxf8 Bd4+ 19. Kh1 Kxf8 20. Bg4 c5 21. Qf3 Qc7 22. Rcd1 Qe7 23. e5 Bxe5 24. Qd5 Nf4 25. Qd2 Bxg4 26. Rde1 Re8 27. h3 0-1

[Event "MNT CupT"]
[Site "Podgorica"]
[Date "2008.04.13"]
[Round "3"]
[White "Scepanovic, Dalibor"]
[Black "Djukanovic, Sreten"]
[Result "0-1"]
[WhiteElo "2060"]
[BlackElo "2308"]
[PlyCount "62"]
[EventDate "2008.03.16"]
[EventType "team-tourn"]
[EventRounds "5"]
[EventCountry "MNE"]
[SourceTitle "EXT 2009"]
[Source "ChessBase"]
[SourceDate "2008.11.26"]
[SourceVersion "1"]
[SourceVersionDate "2008.11.26"]
[SourceQuality "1"]

1. e4 c5 2. Nf3 d6 3. c4 g6 4. Be2 Bg7 5. 0-0 Nc6 6. Nc3 e6 7. d3 Nge7 8. Be3 Nd4 9. Qd2 0-0 10. Bh6 Nec6 11. Bxg7 Kxg7 12. Nxd4 Nxd4 13. f4 a6 14. Rae1 b5 15. Bd1 Rb8 16. Re3 f5 17. Ne2 Qb6 18. b3 Bd7 19. exf5 gxf5 20. Qb2 Rf6 21. Rg3+ Rg6 22. Rff3 e5 23. Rxg6+ hxg6 24. Rh3 Qa5 25. Kf2 Re8 26. Re3 Qd8 27. Nxd4 Qh4+ 28. Kg1 cxd4 29. g3 Qf6 30. fxe5 dxe5 31. Re1 b4 0-1

[Event "SCG-chT2"]
[Site "Sutomore"]
[Date "2004.09.14"]
[Round "7.3"]
[White "Scepanovic, Dalibor"]
[Black "Rovcanin, Zeljko"]
[Result "0-1"]
[WhiteElo "2048"]
[BlackElo "2267"]
[PlyCount "106"]
[EventDate "2004.09.10"]
[EventType "team-tourn"]
[EventRounds "9"]
[EventCountry "YUG"]
[SourceTitle "CBM 102 Extra"]
[Source "ChessBase"]
[SourceDate "2004.11.03"]
[SourceVersion "1"]
[SourceVersionDate "2004.11.03"]
[SourceQuality "1"]
[WhiteTeam "10"]
[BlackTeam "09"]
[WhiteTeamCountry "YUG"]
[BlackTeamCountry "YUG"]

1. e4 g6 2. d4 Bg7 3. Nf3 d6 4. Bd3 Nf6 5. 0-0 0-0 6. c3 Nc6 7. d5 Ne5 8. Nxe5 dxe5 9. Kh1 Nh5 10. Be2 Nf4 11. Bxf4 exf4 12. Qb3 g5 13. g4 a5 14. a4 Qd6 15. Kg2 f3+ 16. Bxf3 Qf4 17. c4 Be5 18. Rh1 h5 19. h3 hxg4 20. hxg4 Bxg4 21. Qe3 Qxe3 22. fxe3 Bxf3+ 23. Kxf3 Bxb2 24. Ra2 Be5 25. Rg2 f6 26. Nd2 Kg7 27. Nb3 b6 28. Kg4 Kg6 29. Nd2 Rh8 30. Rgg1 Bh2 31. Rg2 Rh4+ 32. Kf3 Rah8 33. Ke2 Bd6 34. Rxh4 Rxh4 35. Nf3 Rh1 36. Rg1 Rxg1 37. Nxg1 Kh5 38. Kf2 Kh4 39. Kg2 Kg4 40. Nh3 Kh4 41. Nf2 g4 42. Nd3 Kg5 43. Kf1 g3 44. Kg1 Kh4 45. Kg2 Kg4 46. Ne1 Bb4 47. Nd3 Bc5 48. Nf4 Bxe3 49. Ne6 Bf4 50. c5 Be5 51. cxb6 cxb6 52. Kh1 Kh3 53. Kg1 g2 0-1